Welcome to the Holygrace Academy Library

Please use search bar below to get started

COMPREHENSIVE BUSINESS STUDIES (Record no. 550)

MARC details
000 -LEADER
fixed length control field 00424nam a22001457a 4500
020 ## - INTERNATIONAL STANDARD BOOK NUMBER
ISBN 978-81-318-0177-2
082 ## - DEWEY DECIMAL CLASSIFICATION NUMBER
Classification number 174.4
Item number SID/C
100 ## - MAIN ENTRY--AUTHOR NAME
Personal name S.A.SIDDIQUI
245 ## - TITLE STATEMENT
Title COMPREHENSIVE BUSINESS STUDIES
Remainder of title FOR CLASS XI
260 ## - PUBLICATION, DISTRIBUTION, ETC. (IMPRINT)
Place of publication DELHI
Name of publisher LAXMI PUBLICATIONS
300 ## - PHYSICAL DESCRIPTION
Number of Pages 407
520 ## - SUMMARY, ETC.
Summary, etc FOUNDATIONS OF BUSINESS AND CORPORATE ORGANIZATION, FINANCE AND TRADE
650 ## - SUBJECT ADDED ENTRY--TOPICAL TERM
Topical Term BUSINESS STUDIES FOR CLASS XI
Geographic subdivision INDIA
942 ## - ADDED ENTRY ELEMENTS (KOHA)
Koha item type Books
Holdings
Withdrawn status Lost status Collection code Home library Current library Shelving location Date acquired Source of acquisition Cost, normal purchase price Full call number Accession Number Koha item type
    Reference Main Library Main Library   28/10/2008 purchase 185.00 174.4 SID/C 04410 Books